000 00811nam a22002177a 4500
005 20100731143832.0
010 _aENG-97531
020 _a9788184501995
_c1650.00
035 _aEN-81064
037 _bDBAD/PUB
082 _a307.1412072
100 _aNakkiran, S.
_93390
245 _aResearch methods in rural development /
_cby S. Nakkiran [and] G. Ramesh
260 _aNew Delhi
_bDeep & Deep Publisher
_c2009
270 _aF-159, Rajouri Garden
_bNew Delhi
_e110027
300 _axiii, 347p.
_c24cm (Hb)
500 _aIncludes bibliographical references and index
700 _aRamesh, G.
_93391
942 _2ddc
_cEN
_h307.1412072
_mNAK
999 _c38429
_d38429